Counter-Strike IEM Dallas 2024 Players - Statistics

General Stats
  • This quiz has been taken 4 times
  • The average score is 71 of 80
Answer Stats
Team Country Player % Correct
Natus Vincere Finland Aleksib
100%
FlyQuest Australia aliStair
100%
Vitality France apEX
100%
Natus Vincere Ukraine b1t
100%
FaZe Latvia broky
100%
MOUZ Sweden Brollan
100%
Liquid Denmark cadiaN
100%
Spirit Russia chopper
100%
Spirit Russia donk
100%
Falcons Denmark dupreeh
100%
Virtus.pro Russia electroNic
100%
Complexity United States EliGE
100%
Virtus.pro Russia fame
100%
Virtus.pro Russia FL1T
100%
Vitality Israel flameZ
100%
Complexity United States floppy
100%
FaZe Slovakia frozen
100%
Complexity United States Grim
100%
Complexity Norway hallzerk
100%
G2 Bosnia & Herzegovina huNter-
100%
Natus Vincere Romania iM
100%
Virtus.pro Russia Jame
100%
BIG Germany JDC
100%
MOUZ Finland Jimpphat
100%
Natus Vincere Lithuania jL
100%
Complexity South Africa JT
100%
FaZe Denmark karrigan
100%
HEROIC North Macedonia kyxsan
100%
G2 Russia m0NESY
100%
Falcons Montenegro Maden
100%
Falcons Denmark Magisk
100%
Spirit Russia magixx
100%
M80 Guatemala malbsMd
100%
9z Spain MartinezSa
100%
Vitality United Kingdom mezii
100%
Virtus.pro Russia n0rb3r7
100%
Liquid Canada NAF
100%
HEROIC Israel NertZ
100%
G2 Serbia nexa
100%
G2 Bosnia & Herzegovina NiKo
100%
FaZe Norway rain
100%
FaZe Estonia ropz
100%
M80 Germany s1n
100%
Spirit Russia sh1ro
100%
MOUZ Poland siuhy
100%
HEROIC Denmark sjuush
100%
Liquid Brazil skullz
100%
M80 Germany slaxz-
100%
Falcons Denmark Snappi
100%
Vitality Israel Spinx
100%
G2 United States Stewie2K
100%
Falcons Spain SunPayus
100%
M80 United States Swisher
100%
HEROIC Denmark TeSeS
100%
MOUZ Hungary torzsi
100%
Liquid Canada Twistzz
100%
Natus Vincere Ukraine w0nderful
100%
MOUZ Israel xertioN
100%
Liquid Latvia YEKINDAR
100%
Spirit Ukraine zont1x
100%
Vitality France ZywOo
100%
FlyQuest Australia dexter
75%
9z Chile HUASOPEEK
75%
Monte Poland kRaSnaL
75%
BIG Germany Krimbo
75%
FlyQuest Australia Liazz
75%
9z Uruguay max
75%
BIG Germany syrsoN
75%
BIG Germany tabseN
75%
9z Argentina buda
50%
9z Uruguay dgt
50%
FlyQuest Australia INS
50%
HEROIC Denmark nicoodoz
50%
M80 United States reck
50%
Monte Ukraine Woro2k
50%
Monte Ukraine DemQQ
25%
Monte France hAdji
25%
BIG Germany prosus
25%
Monte Slovakia STYKO
25%
FlyQuest Australia Vexite
25%
No matching quizzes found
Score Distribution
Percent of People with Each Score
Percentile by Number Answered
Your Score History
You have not taken this quiz